Všeobecné poistné podmienky – povinná súčasť poistnej zmluvy bakalárska práca

Saved in:
Bibliographic Details
Main Author: Lisá, Marcela
Corporate Author: Národohospodárska fakulta EU. Katedra poisťovníctva
Other Authors: Drugdová, Barbora
Format: Book
Language:Slovak
Published: Bratislava 2014
Tags: Add Tag
No Tags, Be the first to tag this record!

MARC

LEADER 00000nbm a2200000 4500
001 0191627
005 20170201085658.7
041 0 |a slo 
044 |a SK 
245 1 0 |a Všeobecné poistné podmienky – povinná súčasť poistnej zmluvy  |b bakalárska práca  |c Marcela Lisá ; školiteľ: Barbora Drugdová 
264 1 |a Bratislava  |c 2014 
300 |a 47 s. 
100 1 |a Lisá, Marcela 
700 1 |a Drugdová, Barbora 
710 2 |a Národohospodárska fakulta EU. Katedra poisťovníctva